000 00657nam a2200241Ia 4500
003 OSt
005 20220924144150.0
006 a|||||r|||| 00| 0
007 ta
008 220923b |||||||| |||| 00| 0 urd d
024 _a312471
037 _cTextual
040 _aARTS
_cARTS
_burd
041 _2urd
_aurd
082 _aO168,1L28,1, G5
100 _aDehalvi Meer Mehdi
_9217144
245 0 _aDeewan-e-Bedar
260 _c1935
650 _aURDU POETRY
700 _a Mahvi Mohammad Hussain Ed.
_9217145
942 _hO168,1L28,1, G5
_cTEXL
_2CC
999 _c456301
_d456301